Catálogo
 En Linea

Cómo utilizar la cámara de vídeo / (Registro nro. 24095)

Detalles MARC
000 -CABECERA
campo de control de longitud fija 00936nam a2200289 a 4500
001 - NÚMERO DE CONTROL
campo de control 000024602
003 - IDENTIFICADOR DEL NÚMERO DE CONTROL
campo de control DO-SdBNP
005 - FECHA Y HORA DE LA ÚLTIMA TRANSACCIÓN
campo de control 20250701130238.0
008 - DATOS DE LONGITUD FIJA--INFORMACIÓN GENERAL
campo de control de longitud fija 110201s2002 sp a 000 0 spa d
020 ## - NÚMERO INTERNACIONAL ESTÁNDAR DEL LIBRO
Número Internacional Estándar del Libro 8474326265
040 ## - FUENTE DE LA CATALOGACIÓN
Centro catalogador/agencia de origen DO-SdBNP
Lengua de catalogación spa
Centro/agencia transcriptor BNPHU
082 #4 - NÚMERO DE LA CLASIFICACIÓN DECIMAL DEWEY
Número de clasificación 778.59
Número de documento/Ítem M652c
Número de edición 22
100 1# - ENTRADA PRINCIPAL--NOMBRE DE PERSONA
Nombre de persona Millerson, Gerald,
9 (RLIN) 50447
240 10 - TÍTULO UNIFORME
Título uniforme Video camara techniques
Lenguaje de la obra Español
245 10 - MENCIÓN DE TÍTULO
Título Cómo utilizar la cámara de vídeo /
Mención de responsabilidad, etc. Gerald Millerson ; traducción José A. Álvarez.
246 10 - FORMA VARIANTE DE TÍTULO
Título propio/Titulo breve Video Camera Techniques
260 ## - PUBLICACIÓN, DISTRIBUCIÓN, ETC.
Lugar de publicación, distribución, etc. Barcelona :
Nombre del editor, distribuidor, etc. Gedisa,
Fecha de publicación, distribución, etc. 2002.
300 ## - DESCRIPCIÓN FÍSICA
Extensión 190 p. :
Otras características físicas il. ;
Dimensiones 22 cm.
490 1# - MENCIÓN DE SERIE
Mención de serie Multimedia
-- vídeo
Designación de volumen o secuencia 12
500 ## - NOTA GENERAL
Nota general Contiene glosario: p. 171-190
500 ## - NOTA GENERAL
Nota general Reimpresión 2002
650 #4 - PUNTO DE ACCESO ADICIONAL DE MATERIA--TÉRMINO DE MATERIA
Término de materia o nombre geográfico como elemento de entrada Cámaras de televisión
9 (RLIN) 50448
650 #0 - PUNTO DE ACCESO ADICIONAL DE MATERIA--TÉRMINO DE MATERIA
Término de materia o nombre geográfico como elemento de entrada Cinematografía
9 (RLIN) 28400
700 1# - PUNTO DE ACCESO ADICIONAL--NOMBRE DE PERSONA
Nombre de persona Álvarez, José A.
Término indicativo de función/relación tradutor
9 (RLIN) 26092
Código de función/relación tr.
830 #0 - PUNTO DE ACCESO ADICIONAL DE SERIE-TÍTULO UNIFORME
Título uniforme Multimedia
Nombre de parte o sección de la obra vídeo
Número de parte o sección de la obra 12
9 (RLIN) 50450
942 ## - ELEMENTOS DE PUNTO DE ACCESO ADICIONAL (KOHA)
Fuente del sistema de clasificación o colocación Dewey Decimal Classification
Tipo de ítem Koha Libro
Existencias
Estado de retiro Estado de pérdida Fuente del sistema de clasificación o colocación Restricciones de uso No para préstamo Código de colección Localización permanente Ubicación/localización actual Ubicación en estantería Fecha de adquisición Número de inventario Total de préstamos Signatura topográfica completa Código de barras Fecha visto por última vez Precio válido a partir de Tipo de ítem Koha
    Dewey Decimal Classification Préstamo en sala   Monografías: Libros y Folletos Biblioteca Nacional Pedro Henríquez Ureña Biblioteca Nacional Pedro Henríquez Ureña Depósito 02.06.2017 LF1   BNPHU GR 778.59 M652c 24602-10 25.06.2020 25.06.2020 No se presta

Con tecnología Koha